Les 10 languages de programmation les plus utilisés - Statistiques

Statistiques générales
  • Ce quiz a été pris 163 fois
  • Le résultat moyen est 6 sur 10
Statistiques - réponses
Order Réponse % Correct
2 C
95%
4 Java
95%
1 Python
95%
6 JavaScript
78%
10 PHP
55%
7 SQL
41%
5 C#
36%
3 C++
32%
8 Go
29%
9 Kotlin
17%
Aucun quiz correspondant
Distribution des résultats
% des personnes avec chaque résultat
Percentile par nombre de réponses
Votre historique - résultats
Vous n’avez pas pris ce quiz